000 00483nam a2200181Ia 4500
008 151202s9999||||xx |||||||||||||| ||und||
082 _bPNVM-23902
100 _aसामंत बाळ.
245 _aनवरा बायको.
260 _b---
260 _c0
300 _a0
600 _aसामंत बाळ.
630 _aनवरा बायको.
700 _aसामंत बाळ.
730 _aनवरा बायको.
942 _cBOOK
999 _c1289877
_d1289874